000 00775nam a22001697a 4500
999 _c61088
_d61088
005 20231215125005.0
008 231215s1984 ru ||||| |||| 00| 0 rus d
041 _arus
080 _a1(091)(37+38) Ф-91
100 _aФролов, Э.Д.
_920763
245 _aОгни Диоскуров :
_bАнтичные теории переустройства общества и государства /
_cЭ.Д. Фролов.
264 _aЛ.:
_bЛГУ,
_c1984.
300 _a192 с.
_b22 см.
653 _aდიოსკურიის ნათება
653 _aსაზოგადოებისა და სახელმწიფოს რეორგანიზაციის უძველესი თეორიები
942 _2udc
_cᲬᲘᲒᲜᲘ